LDR 01376nam a2200265 i 4500 001 000000223979 003 CaOOAMICUS 005 20260323100015.0 008 131023s1967 it u000 u ger u 040 $aSeMil$bita 245 14$aDas Evangelium des Markus /$cübersetzt und erklärt von Ernst Lohmeyer ; nach dem Handexemplar des Verfasser durchgesehene Ausgabe mit Ergänzungsheft. 250 $a17. Aufl. 264 1$aGöttingen :$bVandenhoeck & Ruprecht,$c1967. 300 $a8, 368 p. ;$c24 cm. +$eErgänzungheft (44 p. ) 490 1 $aKritisch-Exegetischer Kommentar über das Neue Testament ;$v1.2 500 $aErgänzungsheft / bearbeitet von Gerhard Sak 650 4$aBibbia. Nuovo Testamento. Vangelo secondo Marco - Commentari, studi, critica, interpretazioni.$0(OLS)http://semarc/subject/143 700 1 $aSak, Gerhard.$0(OLS)http://semarc/name/78066 700 1 $aLohmeyer, Ernst,$d<1890-1946>.$0(OLS)http://semarc/name/23418 830 0$aKritisch-Exegetischer Kommentar über das Neue Testament ;$v1.2.$0(OLS)http://semarc/title/39282 850 $aSeMil 852 $aSeMil$W1$xVenegono$y1$m2VV VII 11$j268797$B174325$CSeMilBibl$Z2$F184461 $81 996 $6245$aDas Evangelium des Markus$9(OLS)http://semarc/title/321100 996 $6264$aGöttingen :$bVandenhoeck & Ruprecht$9(OLS)http://semarc/publisher/29697